000
00359nam a2200157Ia 4500
005
20250423100201.0
008
250422s9999 xx 000 0 und d
020
_a
9757456675
100
_a
Nursi, Said Beduzzaman
245
0
_a
Message for the sick
260
_a
Ankara
260
_b
Ihlas Nur Nesriyat
260
_c
2001
300
_a
64 p
942
_c
BK
999
_c
32530
_d
32530